000 00375nam a2200145 i 4500
001 bg
100 1 _aPRZYGRODZKI, Jacek
245 0 _aZadania z miernictwa elektrycznego /
_cJacek Przygrodzki, Danuta Śliwińska.
260 _aKielce,
_c1977.
700 1 _aŚLIWIŃSKA, Danuta
040 _cBPK
041 _apol
942 _cKS
008 s pl f |000 0 pol
999 _c9665
_d9665
856 _uhttp://koha.tu.koszalin.pl/cgi-bin/koha/opac-detail.pl?biblionumber=9665
_yKatalog online BPK